Matemática para ingeniería: la derivada
Salvato in:
| Autore principale: | |
|---|---|
| Altri autori: | |
| Natura: | Libro |
| Lingua: | spagnolo |
| Pubblicazione: |
Valparaíso
Universidad Católica de Valparaíso
1995
|
| Soggetti: | |
| Tags: |
Aggiungi Tag
Nessun Tag, puoi essere il primo ad aggiungerne!!
|
MARC
| LEADER | 00000nam a2200000 a 4500 | ||
|---|---|---|---|
| 001 | UCY7565 | ||
| 003 | CL-VaPUC | ||
| 008 | 950614e19950000CL |||||||||||||||||spa|d | ||
| 082 | 0 | 4 | |a 515.3 |b ARA |2 21 |
| 100 | 0 | |a Arancibia Carvajal, Sara |e author |9 338126 | |
| 700 | |a Mena Lorca, Jaime Juan Fernando |e autor |9 601130 | ||
| 245 | 1 | 0 | |a Matemática para ingeniería: la derivada |
| 300 | |a 240 p | ||
| 942 | |c BK | ||
| 945 | |d 19950614 00:00:00 |a awong | ||
| 260 | |a Valparaíso |b Universidad Católica de Valparaíso |c 1995 | ||
| 650 | 0 | |a Cálculo diferencial |9 260102 | |
| 650 | 0 | |a Funciones (Matemáticas) |9 338128 | |
| 650 | 7 | |a SECUENCIAS MATEMATICAS |2 CL-VaPUC |9 338129 | |
| 583 | |a last modification |c 20171031 14:12:30 |k Rodrigo Vera | ||
| 999 | |c 234908 |d 234906 | ||
| 952 | |0 0 |1 0 |4 0 |6 515_300000000000000_ARA_1995 |7 0 |8 A |9 241793 |a BIBING |b BIBING |d 2019-11-18 |i 3092844 |o 515.3 ARA 1995 |p 3092844 |r 2025-01-20 |w 2019-11-18 |y BK |k EIB | ||
| 952 | |0 0 |1 0 |4 0 |6 515_300000000000000_ARA_1995 |7 0 |8 A |9 241794 |a BIBING |b BIBING |d 2019-11-18 |i 3092860 |o 515.3 ARA 1995 |p 3092860 |r 2025-01-20 |w 2019-11-18 |y BK |k EIB | ||
| 952 | |0 0 |1 0 |4 0 |6 515_300000000000000_ARA_1995 |7 0 |8 A |9 241795 |a BIBING |b BIBING |d 2019-11-18 |i 3092879 |l 2 |o 515.3 ARA 1995 |p 3092879 |r 2025-01-20 |s 2023-09-29 |w 2019-11-18 |y BK |k EIB | ||
| 952 | |0 0 |1 0 |4 0 |6 515_300000000000000_ARA_1995 |7 0 |8 A |9 241796 |a BIBING |b BIBING |d 2019-11-18 |i 3092895 |l 1 |o 515.3 ARA 1995 |p 3092895 |r 2025-01-20 |s 2023-09-20 |w 2019-11-18 |y BK |k EIB | ||
| 952 | |0 0 |1 0 |4 0 |6 515_300000000000000_ARA_1995 |7 0 |8 A |9 241797 |a BIBING |b BIBING |d 2019-11-18 |i 3092909 |o 515.3 ARA 1995 |p 3092909 |r 2025-01-20 |w 2019-11-18 |y BK |k EIB | ||
| 952 | |0 0 |1 0 |4 0 |6 515_300000000000000_ARA_1995 |7 0 |8 A |9 241798 |a BIBING |b BIBING |d 2019-11-18 |i 3092917 |o 515.3 ARA 1995 |p 3092917 |r 2025-01-20 |w 2019-11-18 |y BK |k EIB | ||
| 952 | |0 0 |1 0 |4 0 |6 515_300000000000000_ARA_1995 |7 0 |8 A |9 241803 |a BIBMEC |b BIBMEC |d 2019-11-18 |i 3092976 |o 515.3 ARA 1995 |p 3092976 |r 2024-01-19 |w 2019-11-18 |y BK |k MEC | ||
| 952 | |0 0 |1 0 |4 0 |6 515_300000000000000_ARA_1995 |7 0 |8 A |9 241804 |a BIBMEC |b BIBMEC |d 2019-11-18 |i 3092992 |o 515.3 ARA 1995 |p 3092992 |r 2024-01-19 |w 2019-11-18 |y BK |k MEC | ||
| 952 | |0 0 |1 0 |4 0 |6 515_300000000000000_ARA_1995 |7 0 |8 A |9 241809 |a BIBING |b BIBING |d 2019-11-18 |i 3092712 |o 515.3 ARA 1995 |p 3092712 |r 2023-03-02 |w 2019-11-18 |y BK |k EII | ||
| 952 | |0 0 |1 0 |4 0 |6 515_300000000000000_ARA_1995 |7 0 |8 A |9 241810 |a BIBING |b BIBING |d 2019-11-18 |i 3092720 |l 1 |m 1 |o 515.3 ARA 1995 |p 3092720 |r 2025-01-20 |s 2023-08-23 |w 2019-11-18 |y BK |k EII | ||
| 952 | |0 0 |1 0 |4 0 |6 515_300000000000000_ARA_1995 |7 0 |8 A |9 241811 |a BIBING |b BIBING |d 2019-11-18 |i 3092739 |l 4 |m 1 |o 515.3 ARA 1995 |p 3092739 |r 2025-01-20 |s 2024-09-11 |w 2019-11-18 |y BK |k EII | ||
| 952 | |0 0 |1 0 |4 0 |6 515_300000000000000_ARA_1995 |7 0 |8 A |9 241818 |a BIBING |b BIBING |d 2019-11-18 |i 3092178 |l 1 |o 515.3 ARA 1995 |p 3092178 |r 2025-01-20 |s 2022-10-20 |w 2019-11-18 |y BK |k ING | ||
| 952 | |0 0 |1 0 |4 0 |6 515_300000000000000_ARA_1995 |7 0 |8 A |9 241820 |a BIBING |b BIBING |d 2019-11-18 |i 3092194 |l 2 |m 1 |o 515.3 ARA 1995 |p 3092194 |r 2025-01-20 |s 2024-08-05 |w 2019-11-18 |y BK |k ING | ||
| 952 | |0 0 |1 0 |4 0 |6 515_300000000000000_ARA_1995 |7 0 |8 A |9 241821 |a BIBING |b BIBING |d 2019-11-18 |i 3092208 |o 515.3 ARA 1995 |p 3092208 |r 2025-01-20 |w 2019-11-18 |y BK |k ING | ||
| 952 | |0 0 |1 0 |4 0 |6 515_300000000000000_ARA_1995 |7 0 |8 A |9 241823 |a BIBING |b BIBING |d 2019-11-18 |i 3092224 |o 515.3 ARA 1995 |p 3092224 |r 2025-01-20 |w 2019-11-18 |y BK |k ING | ||
| 952 | |0 0 |1 0 |4 0 |6 515_300000000000000_ARA_1995 |7 0 |8 A |9 241825 |a BIBING |b BIBING |d 2019-11-18 |i 3092240 |o 515.3 ARA 1995 |p 3092240 |r 2025-01-20 |w 2019-11-18 |y BK |k ING | ||
| 952 | |0 0 |1 0 |4 0 |6 515_300000000000000_ARA_1995 |7 0 |8 A |9 241828 |a BIBING |b BIBING |d 2019-11-18 |i 3092275 |l 2 |m 2 |o 515.3 ARA 1995 |p 3092275 |r 2025-01-20 |s 2024-08-05 |w 2019-11-18 |y BK |k ING | ||
| 952 | |0 0 |1 0 |4 0 |6 515_300000000000000_ARA_1995 |7 0 |8 A |9 241831 |a BIBING |b BIBING |d 2019-11-18 |i 3092305 |l 1 |o 515.3 ARA 1995 |p 3092305 |r 2025-01-20 |s 2024-10-01 |w 2019-11-18 |y BK |k ING | ||
| 952 | |0 0 |1 0 |4 0 |6 515_300000000000000_ARA_1995 |7 0 |8 A |9 241833 |a BIBING |b BIBING |d 2019-11-18 |i 3092321 |o 515.3 ARA 1995 |p 3092321 |r 2025-01-20 |w 2019-11-18 |y BK |k ING | ||
| 952 | |0 0 |1 0 |4 0 |6 515_300000000000000_ARA_1995 |7 0 |8 A |9 241835 |a BIBING |b BIBING |d 2019-11-18 |i 3092348 |o 515.3 ARA 1995 |p 3092348 |r 2025-01-20 |w 2019-11-18 |y BK |k ING | ||
| 952 | |0 0 |1 0 |4 0 |6 515_300000000000000_ARA_1995 |7 0 |8 A |9 241836 |a BIBING |b BIBING |d 2019-11-18 |i 3092356 |o 515.3 ARA 1995 |p 3092356 |r 2025-01-20 |w 2019-11-18 |y BK |k ING | ||
| 952 | |0 0 |1 0 |4 0 |6 515_300000000000000_ARA_1995 |7 0 |8 A |9 241838 |a BIBING |b BIBING |d 2019-11-18 |i 3092372 |l 1 |o 515.3 ARA 1995 |p 3092372 |r 2025-01-20 |s 2024-08-12 |w 2019-11-18 |y BK |k ING | ||
| 952 | |0 0 |1 0 |4 0 |6 515_300000000000000_ARA_1995 |7 0 |8 A |9 241840 |a BIBING |b BIBING |d 2019-11-18 |i 3092399 |o 515.3 ARA 1995 |p 3092399 |r 2025-01-20 |w 2019-11-18 |y BK |k ING | ||
| 952 | |0 0 |1 0 |4 0 |6 515_300000000000000_ARA_1995 |7 0 |8 A |9 241841 |a BIBING |b BIBING |d 2019-11-18 |i 3092402 |l 2 |o 515.3 ARA 1995 |p 3092402 |r 2025-01-20 |s 2024-09-30 |w 2019-11-18 |y BK |k ING | ||
| 952 | |0 0 |1 0 |4 0 |6 515_300000000000000_ARA_1995 |7 0 |8 A |9 241842 |a BIBING |b BIBING |d 2019-11-18 |i 3092410 |o 515.3 ARA 1995 |p 3092410 |r 2025-01-20 |w 2019-11-18 |y BK |k ING | ||
| 952 | |0 0 |1 0 |4 0 |6 515_300000000000000_ARA_1995 |7 0 |8 A |9 241844 |a BIBING |b BIBING |d 2019-11-18 |i 3092437 |o 515.3 ARA 1995 |p 3092437 |r 2025-01-20 |w 2019-11-18 |y BK |k ING | ||
| 952 | |0 0 |1 0 |4 0 |6 515_300000000000000_ARA_1995 |7 0 |8 A |9 241845 |a BIBING |b BIBING |d 2019-11-18 |i 3092445 |o 515.3 ARA 1995 |p 3092445 |r 2025-01-20 |w 2019-11-18 |y BK |k ING | ||
| 952 | |0 0 |1 0 |4 0 |6 515_300000000000000_ARA_1995 |7 0 |8 A |9 241862 |a BIBING |b BIBING |d 2019-11-18 |i 1309269 |o 515.3 ARA 1995 |p 1309269 |r 2025-01-20 |w 2019-11-18 |y BK |k ING | ||
| 952 | |0 0 |1 0 |4 0 |6 515_300000000000000_ARA_1995 |7 0 |8 A |9 241863 |a BIBING |b BIBING |d 2019-11-18 |i 1309145 |o 515.3 ARA 1995 |p 1309145 |r 2025-01-20 |w 2019-11-18 |y BK |k ING | ||
| 952 | |0 0 |1 0 |4 0 |6 515_300000000000000_ARA_1995 |7 0 |8 A |9 241868 |a BIBING |b BIBING |d 2019-11-18 |i 1309420 |l 1 |o 515.3 ARA 1995 |p 1309420 |r 2025-01-20 |s 2024-03-15 |w 2019-11-18 |y BK |k ING | ||